ARRUPE JESUIT UNIVERSITY

CORONAVIRUS -STOP THE SPREAD - CLEAN,DISINFECT,COVER

John Dewey (Record no. 130471)

MARC details
000 -LEADER
fixed length control field 00343nam a22001337a 4500
008 - FIXED-LENGTH DATA ELEMENTS--GENERAL INFORMATION
fixed length control field 200519b ||||| |||| 00| 0 eng d
050 ## - LIBRARY OF CONGRESS CALL NUMBER
Classification number SPC. HS3.D4
100 ## - MAIN ENTRY--PERSONAL NAME
Personal name John R. Stacer
9 (RLIN) 49788
245 ## - TITLE STATEMENT
Title John Dewey
Statement of responsibility, etc John R. Stacer
300 ## - PHYSICAL DESCRIPTION
Extent 23p. ;
Dimensions 31cm.
500 ## - GENERAL NOTE
General note Class notes
600 ## - SUBJECT ADDED ENTRY--PERSONAL NAME
Personal name Dewey, John
9 (RLIN) 10648
942 ## - ADDED ENTRY ELEMENTS (KOHA)
Source of classification or shelving scheme Library of Congress Classification
Item type Monograph ( Printed materials)
Holdings
Withdrawn status Lost status Source of classification or shelving scheme Damaged status Not for loan Collection code Home library Current library Shelving location Date acquired Total Checkouts Full call number Barcode Date last seen Price effective from Koha item type
    Library of Congress Classification     Main Collection ARRUPE LIBRARY ARRUPE LIBRARY Main Collection 19/05/2020   SPC. HS3.D4 46600007291 19/05/2020 19/05/2020 Monograph ( Printed materials)

 

Arrupe Library. PO Box MP320 Mt Pleasant, Harare, Zimbabwe
263 242 745411|librarian@aju.ac.zw